| 000 | 00422nam a2200169Ia 4500 | ||
|---|---|---|---|
| 003 | LK-CoDNM | ||
| 008 | 010623t2003 xxu||||| |||| 00| 1 sin d | ||
| 040 |
_aLK-CoDNM _dLK-CoDNM _eLK-CoDNM |
||
| 041 | _asin | ||
| 080 | _a334.746.4 UKW | ||
| 100 | _aUkwattage,Sirisena | ||
| 245 | _aකර්මාන්ත විධි | ||
| 246 | _aKarmantha Vidi | ||
| 260 |
_bS.n _aS.I _c2003 |
||
| 300 | _b56, 21 cm | ||
| 942 | _cBK | ||
| 999 |
_c122756 _d122756 |
||